CJDirectory of suppliers goes live (Record no. 72831)

MARC details
000 -LEADER
fixed length control field 00996cam a2200217 4500
001 - CONTROL NUMBER
control field WB3921-02
008 - FIXED-LENGTH DATA ELEMENTS--GENERAL INFORMATION
fixed length control field 030605n2003 000 0 eng u
035 ## - SYSTEM CONTROL NUMBER
System control number (Sirsi) u122529
245 ## - TITLE STATEMENT
Title CJDirectory of suppliers goes live
260 ## - PUBLICATION, DISTRIBUTION, ETC.
Date of publication, distribution, etc. 2003
490 ## - SERIES STATEMENT
Series statement Contract Journal
Volume/sequential designation 418(6429) 4 June 2003, 6(1)
520 ## - SUMMARY, ETC.
Summary, etc. Contract Journal has launched a free-to-use online database of suppliers to the construction industry. The new website lists 55 000 companies nationwide, offering 12 500 different products and services. It will also be available in CD format from August 2003. Relevant companies are entitled to free entry on the site. For more information t +44 (0)800 437 0371 or [email protected] new database can be accessed at http://www.cjdirectory.com
590 ## - LOCAL NOTE (RLIN)
Local note WB
650 ## - SUBJECT ADDED ENTRY--TOPICAL TERM
Topical term or geographic name entry element BUILDING CONTRACTORS
650 ## - SUBJECT ADDED ENTRY--TOPICAL TERM
Topical term or geographic name entry element WEBSITES
650 ## - SUBJECT ADDED ENTRY--TOPICAL TERM
Topical term or geographic name entry element PRODUCT INFORMATION
650 ## - SUBJECT ADDED ENTRY--TOPICAL TERM
Topical term or geographic name entry element DATABASE
650 ## - SUBJECT ADDED ENTRY--TOPICAL TERM
Topical term or geographic name entry element SUPPLIERS
690 ## - LOCAL SUBJECT ADDED ENTRY--TOPICAL TERM (OCLC, RLIN)
Topical term or geographic name as entry element BUILT ENVIRONMENT
942 ## - ADDED ENTRY ELEMENTS (KOHA)
Suppress in OPAC 0
Holdings
Withdrawn status Lost status Source of classification or shelving scheme Damaged status Not for loan Home library Current library Shelving location Date acquired Total Checkouts Full call number Barcode Date last seen Copy number Price effective from Koha item type
    Dewey Decimal Classification     London London News article 05/06/2003   WB3921-02 122529-1001 06/08/2019 1 06/08/2019 News article